01173 a2200193 45000010006000000050017000060080041000230030015000640400040000790800099001192450055002180200022002732640034002953000025003295050469003540410008008231000024008318560124008551042320260407155437.0260407a2011 arg spa dAR-UNSa-BCEJYS aAR-UNSa-BCEJYSbspacAR-UNSa-BCEJYS a657.36xBalances de comprobación (balance estimativo). Balances de saldo. Balance intermedio10aBalancespguía práctica para su presentación a978-987-01-1217-4 1aBuenos Aires :bErreparc2011 axxii, 324 p.c27 cm. a1. Cuestiones preliminares - 2. Entes comerciales, industriales y de servicio - 3. Estado de resultados - 4. Estado de evolución del patrimonio neto - 5. Estado de flujo de efectivo - 6. Información complementaria - 7. Memoria - 8. Caso práctico integral - 9. Entes sin fines de lucro - 10. Cooperativas - 11. Información por segmentos - 12. Formalidades de presentación - 13. Análisis de estados contables - 14. Normas internacionales de contabilidad  aspa1 aOrieta, Rosa Mariel41uhttps://biblioeco.unsa.edu.ar/pmb/images/libros/Balances Orieta, Rosa Mariel (2011).jpgyImagen de portadaqimage/jpeg